| 000 | 01564cam a2200337 4500 | ||
|---|---|---|---|
| 008 | 050124n2002 000 0 eng u | ||
| 020 | _a1853395412 | ||
| 035 | _a(Sirsi) u128578 | ||
| 041 | _aeng | ||
| 050 |
_a711.52 _c18 |
||
| 100 | _aRomaya, Sam | ||
| 245 |
_aBuilding sustainable urban settlements _bapproaches and case studies in the developing world |
||
| 260 |
_aLondon _bITDG Publishing _c2002 |
||
| 300 |
_axix, 299p. _bill. _c24cm. |
||
| 350 | _a13.95 | ||
| 490 | _aITDG Publishing Urban Management Series | ||
| 520 | _aBrings together a collection of studies by an international group of contributors on the environmental, institutional, social and cultural aspects of sustainable urban settlements across Asia, Africa, the Middle East, and Central and South America. Draws on case studies of individual cities and countries. Covers urban environmental management in respect of economic activities and housing; the achievement of institutional, social and cultural sustainability and the management of urban development processes to reduce their environmental impacts, improve the built environments that are produced and sustain improved practices. References. | ||
| 590 | _aNEW | ||
| 650 | _aURBAN | ||
| 650 |
_aEnvironment _96238 |
||
| 650 | _aHOUSING | ||
| 650 |
_aSustainability _96271 |
||
| 650 | _aURBAN DEVELOPMENT | ||
| 650 | _aURBAN MANAGEMENT | ||
| 650 | _aENVIRONMENTAL MANAGEMENT | ||
| 650 | _aURBAN PLANNING | ||
| 690 | _aDEVELOPMENT-SUSTAINABLE | ||
| 700 | _aRomaya, S. | ||
| 700 | _aRakodi, C. | ||
| 942 | _n0 | ||
| 999 |
_c103953 _d103953 |
||